000 00228nam a2200097Ia 4500
008 190216s9999||||xx |||||||||||||| ||und||
100 _aMenon K P S
245 0 _aHindi-Merag Kal Anaka
260 _bJaiprakashnath&Co:
942 _cBK
999 _c17909
_d17909